| 000 | 00461cam a2200181ua 4500 | ||
|---|---|---|---|
| 020 | _c2.10 | ||
| 041 |
_aeng _h |
||
| 082 |
_a339.32 _bSCH/NA |
||
| 100 | _aSchultze, Charles L . | ||
| 245 |
_aNational income analysis / _cCharles L Schultze. _hTextual Documents |
||
| 250 |
_a1 / _b. |
||
| 260 |
_aNew Delhi : _bPrentice Hall of India Pvt Ltd. , _c1965. |
||
| 300 | _a145 ; . | ||
| 365 | _a2.10 | ||
| 504 | _a | ||
| 942 | _cBK | ||
| 999 |
_c12335 _d12335 |
||